| 000 | 00633cam a2200205 4500500 | ||
|---|---|---|---|
| 005 | 20260322013859.0 | ||
| 041 | _afre | ||
| 042 | _adc | ||
| 100 | 1 | 0 |
_aDrouet, Christophe _eauthor |
| 700 | 1 | 0 |
_aGrossin, David _eauthor |
| 700 | 1 | 0 |
_aCombes, Christèle _eauthor |
| 700 | 1 | 0 |
_aSarda, Stéphanie _eauthor |
| 700 | 1 | 0 |
_aCazalbou, Sophie _eauthor |
| 700 | 1 | 0 |
_aRey, Christian _eauthor |
| 245 | 0 | 0 | _aBiomimetic apatites |
| 260 | _c2026. | ||
| 500 | _a3 | ||
| 786 | 0 | _nHealthcare technologies | - | 2026-03-05 | p. 3-3 | |
| 856 | 4 | 1 | _uhttps://stm.cairn.info/biomaterials--bdti42606210-in227-page-3?lang=en&redirect-ssocas=7080 |
| 999 |
_c1784364 _d1784364 |
||